Five little monkeys jumping on the bed / (Record no. 2143)

MARC details
000 -LEADER
fixed length control field 00902pam a2200289 a 4500
005 - DATE AND TIME OF LATEST TRANSACTION
control field 20250512152108.0
020 ## - INTERNATIONAL STANDARD BOOK NUMBER
International Standard Book Number 9780590994590
040 ## - CATALOGING SOURCE
Original cataloging agency DLC
Transcribing agency DLC
Modifying agency DLC
Language of cataloging eng
050 00 - LIBRARY OF CONGRESS CALL NUMBER
Classification number PZ8.3.C456
Item number Fi 1989
082 00 - DEWEY DECIMAL CLASSIFICATION NUMBER
Edition number 19
100 1# - MAIN ENTRY--PERSONAL NAME
Personal name Christelow, Eileen
245 10 - TITLE STATEMENT
Title Five little monkeys jumping on the bed /
Statement of responsibility, etc. retold and illustrated by Eileen Christelow.
260 ## - PUBLICATION, DISTRIBUTION, ETC.
Place of publication, distribution, etc. New York :
Name of publisher, distributor, etc. Scholastic,
Date of publication, distribution, etc. 1989
300 ## - PHYSICAL DESCRIPTION
Extent 32 pages :
Other physical details Illustrations
Dimensions 21 x 26 cm
505 ## - FORMATTED CONTENTS NOTE
Formatted contents note F
520 ## - SUMMARY, ETC.
Summary, etc. A counting book in which one by one the little monkeys jump on the bed only to fall off and bump their heads.
521 ## - TARGET AUDIENCE NOTE
Target audience note 310
Source Lexile
521 ## - TARGET AUDIENCE NOTE
Target audience note F
Source Raz-Plus
650 #0 - SUBJECT ADDED ENTRY--TOPICAL TERM
Topical term or geographic name entry element Nursery rhymes.
650 #0 - SUBJECT ADDED ENTRY--TOPICAL TERM
Topical term or geographic name entry element Children's poetry.
650 #1 - SUBJECT ADDED ENTRY--TOPICAL TERM
Topical term or geographic name entry element Nursery rhymes.
650 #1 - SUBJECT ADDED ENTRY--TOPICAL TERM
Topical term or geographic name entry element Monkeys
General subdivision Poetry.
650 #1 - SUBJECT ADDED ENTRY--TOPICAL TERM
Topical term or geographic name entry element Counting.
906 ## - LOCAL DATA ELEMENT F, LDF (RLIN)
a 7
b cbc
c orignew
d 1
e ocip
f 19
g y-gencatlg
942 ## - ADDED ENTRY ELEMENTS (KOHA)
Source of classification or shelving scheme Dewey Decimal Classification
Koha item type Books
Suppress in OPAC No
999 ## -
-- 2143
-- 2143
Holdings
Withdrawn status Lost status Source of classification or shelving scheme Damaged status Not for loan Collection Home library Current library Shelving location Date acquired Total Checkouts Full call number Barcode Date last seen Date last checked out Price effective from Koha item type Date due Copy number
    Dewey Decimal Classification     Juvenile Fiction Footprints International School Library Network Toul Kork Campus Footprints International School Library Network Toul Kork Campus TK Primary Library Room(4th Floor), Bookcase 7, Shelves 57-60, Dark Green Books 11/07/2023 2 CHR 398.8 PZ8.3.C456 FISBK05864 05/16/2024 01/02/2024 11/07/2023 Books    
    Dewey Decimal Classification     Juvenile Fiction Footprints International School Library Network Toul Tom Poung Campus Footprints International School Library Network Toul Tom Poung Campus TTP Primary Green Bookshelves 05/12/2025 1 CHR 398.8 PZ8.3.C456 2025-1277 08/14/2025 08/14/2025 05/12/2025 Books 08/28/2025 2